000 00604nam a2200181 i 4500
001 62974
003 ES-MaACL
005 20250809030222.0
007 t|
008 031127s1956 sp |||| | spa d
100 1 _aFernández Chaperón, Carlos María.
_949573
245 1 0 _aOrganización laboral de la empresa
_b: (manual práctico de derecho laboral) /
_cpor Carlos María Fernández Chaperón.
260 _aMadrid :
_b[s.n.,
_c1956] (
_fImp. P. López)
300 _a1 v. ;
_c24 cm.
650 0 4 _aDerecho laboral-
_zEspaña
_911726
852 _aES-MaACL
_jP-831
999 _c62974
_d62974